Bài tập ngôn ngữ C : (từ A đến Z)

Đã lưu trong:
Sonraí Bibleagrafaíochta
Príomhúdar: Huỳnh Tấn Dũng
Formáid: Leabhar
Foilsithe: Lao động - xã hội 2006
Clibeanna: Cuir Clib Leis
Gan Chlibeanna, Bí ar an gcéad duine leis an taifead seo a chlibeáil!
Thư viện lưu trữ: Mạng thư viện Đại học Đà Nẵng
LEADER 00599nam a2200229 a 4500
001 000028726
003 24442
005 20171030145630.0
008 171030s2006
020 |c 32000 
040 |a LTT 
082 0 |a 005.133  |b HU-D 
100 1 |a Huỳnh Tấn Dũng 
245 0 0 |a Bài tập ngôn ngữ C : (từ A đến Z)  |c Huỳnh Tấn Dũng, Hoàng Đức Hải. 
260 |b Lao động - xã hội  |c 2006 
OWN |a LTT 
999 |a From the UDN01 
TYP |a Monograph 
TYP |a Printed language 
980 |a Mạng thư viện Đại học Đà Nẵng